<?xml version="1.0" encoding="UTF-8"?>
<record
    xmlns:xsi="http://www.w3.org/2001/XMLSchema-instance"
    xsi:schemaLocation="http://www.loc.gov/MARC21/slim http://www.loc.gov/standards/marcxml/schema/MARC21slim.xsd"
    xmlns="http://www.loc.gov/MARC21/slim">

  <leader>02958namaa2200457uu 4500</leader>
  <controlfield tag="001">doab90725</controlfield>
  <controlfield tag="003">oapen</controlfield>
  <controlfield tag="005">20260305123950.0</controlfield>
  <controlfield tag="006">m     o  d        </controlfield>
  <controlfield tag="007">cr|mn|---annan</controlfield>
  <controlfield tag="008">220804s2023    xx |||||o     ||| 0|eng d</controlfield>
  <datafield tag="020" ind1=" " ind2=" ">
    <subfield code="a">9780367349028</subfield>
  </datafield>
  <datafield tag="020" ind1=" " ind2=" ">
    <subfield code="a">9780429328657</subfield>
  </datafield>
  <datafield tag="020" ind1=" " ind2=" ">
    <subfield code="a">9780429328657</subfield>
  </datafield>
  <datafield tag="020" ind1=" " ind2=" ">
    <subfield code="a">9781032306063</subfield>
  </datafield>
  <datafield tag="024" ind1="7" ind2=" ">
    <subfield code="a">10.4324/9780429328657</subfield>
    <subfield code="2">doi</subfield>
  </datafield>
  <datafield tag="040" ind1=" " ind2=" ">
    <subfield code="a">oapen</subfield>
    <subfield code="c">oapen</subfield>
  </datafield>
  <datafield tag="041" ind1="0" ind2=" ">
    <subfield code="a">eng</subfield>
  </datafield>
  <datafield tag="042" ind1=" " ind2=" ">
    <subfield code="a">dc</subfield>
  </datafield>
  <datafield tag="072" ind1=" " ind2="7">
    <subfield code="a">JKV</subfield>
    <subfield code="2">bicssc</subfield>
  </datafield>
  <datafield tag="720" ind1="1" ind2=" ">
    <subfield code="a">Johns, Diana</subfield>
    <subfield code="4">aut</subfield>
  </datafield>
  <datafield tag="245" ind1="0" ind2="0">
    <subfield code="a">Co-production and Criminal Justice</subfield>
  </datafield>
  <datafield tag="260" ind1=" " ind2=" ">
    <subfield code="b">Taylor &amp; Francis</subfield>
    <subfield code="c">2023</subfield>
  </datafield>
  <datafield tag="300" ind1=" " ind2=" ">
    <subfield code="a">1 online resource (160 p.)</subfield>
  </datafield>
  <datafield tag="336" ind1=" " ind2=" ">
    <subfield code="a">text</subfield>
    <subfield code="b">txt</subfield>
    <subfield code="2">rdacontent</subfield>
  </datafield>
  <datafield tag="337" ind1=" " ind2=" ">
    <subfield code="a">computer</subfield>
    <subfield code="b">c</subfield>
    <subfield code="2">rdamedia</subfield>
  </datafield>
  <datafield tag="338" ind1=" " ind2=" ">
    <subfield code="a">online resource</subfield>
    <subfield code="b">cr</subfield>
    <subfield code="2">rdacarrier</subfield>
  </datafield>
  <datafield tag="490" ind1="1" ind2=" ">
    <subfield code="a">Criminology in Focus</subfield>
  </datafield>
  <datafield tag="506" ind1="0" ind2=" ">
    <subfield code="a">Free-to-read</subfield>
    <subfield code="f">Unrestricted online access</subfield>
    <subfield code="2">star</subfield>
  </datafield>
  <datafield tag="520" ind1=" " ind2=" ">
    <subfield code="a">This book explores practical examples of co-production in criminal justice research and practice. Through a series of seven case studies, the authors examine what people do when they co-produce knowledge in criminal justice contexts: in prisons and youth detention; with criminalised women; from practitioners' perspectives; and with First Nations communities.    Co-production holds a promise: that people whose lives are entangled in the criminal justice system can be valued as participants and partners, helping to shape how the system works. But how realistic is it to imagine criminal justice 'service users' participating, partnering, and sharing genuine decision-making power with those explicitly holding power over them?    Taking a sophisticated yet accessible theoretical approach, the authors consider issues of power, hierarchy and different ways of knowing to understand the perils and possibilities of co-production under the shadow of 'justice'. In exploring these complexities, the book brings cautious optimism to co-production partners and project leaders.    This book provides a foundational text for scholars and practitioners seeking to apply co-production principles in their research and practice. With stories from Australia, the UK and Ireland, the text will appeal to the international community. For students of criminology and social work, especially practitioners and/or those with lived experience of criminal justice entanglement, the book's critical insights will enhance their work in the field.</subfield>
  </datafield>
  <datafield tag="540" ind1=" " ind2=" ">
    <subfield code="a">All rights reserved</subfield>
    <subfield code="u">http://oapen.org/content/about-rights</subfield>
  </datafield>
  <datafield tag="546" ind1=" " ind2=" ">
    <subfield code="a">English</subfield>
  </datafield>
  <datafield tag="650" ind1=" " ind2="7">
    <subfield code="a">Crime &amp; criminology</subfield>
    <subfield code="2">bicssc</subfield>
  </datafield>
  <datafield tag="653" ind1=" " ind2=" ">
    <subfield code="a">Co-production; prisons; criminal justice; youth detention</subfield>
  </datafield>
  <datafield tag="720" ind1="1" ind2=" ">
    <subfield code="a">Flynn, Catherine</subfield>
    <subfield code="4">aut</subfield>
  </datafield>
  <datafield tag="720" ind1="1" ind2=" ">
    <subfield code="a">Hall, Maggie</subfield>
    <subfield code="4">aut</subfield>
  </datafield>
  <datafield tag="720" ind1="1" ind2=" ">
    <subfield code="a">Spivakovsky, Claire</subfield>
    <subfield code="4">aut</subfield>
  </datafield>
  <datafield tag="720" ind1="1" ind2=" ">
    <subfield code="a">Turner, Shelley</subfield>
    <subfield code="4">aut</subfield>
  </datafield>
  <datafield tag="793" ind1="0" ind2=" ">
    <subfield code="a">DOAB Library.</subfield>
  </datafield>
  <datafield tag="856" ind1="4" ind2="0">
    <subfield code="u">https://directory.doabooks.org/handle/20.500.12854/90725</subfield>
    <subfield code="7">0</subfield>
    <subfield code="z">Free-to-read: DOAB: description of the publication</subfield>
  </datafield>
  <datafield tag="999" ind1=" " ind2=" ">
    <subfield code="c">93015</subfield>
    <subfield code="d">93015</subfield>
  </datafield>
</record>
